[Event "Faxe EMT 2000"]
[Site "Faxe"]
[Date "2000.05.03"]
[Round "7"]
[White "Christiansen, Niels"]
[Black "Jensen, Niels"]
[Result "1-0"]
[WhiteElo "1265"]
[BlackElo "1257"]
[PlyCount "77"]
[EventDate "2000.??.??"]

1. d4 d5 2. c4 Nf6 3. Nc3 Bf5 4. Bf4 a6 5. Nf3 Nc6 6. Qb3 Na5 7. Qa4+ c6 8.
cxd5 Nxd5 9. Nxd5 Qxd5 10. Rc1 b6 11. e3 Qd8 12. d5 b5 13. Qb4 e5 14. Qc3 exf4
15. Qe5+ Qe7 16. Qxf5 fxe3 17. dxc6 exf2+ 18. Kxf2 Qa7+ 19. Ke2 Qc7 20. Ne5 Bd6
21. Nd7 Nc4 22. Qe4+ Ne5 23. g3 Be7 24. Qxe5 Qxe5+ 25. Nxe5 O-O 26. Bh3 Bd6 27.
Nd7 Rfe8+ 28. Kd3 Bc7 29. Rhe1 a5 30. Nc5 g6 31. Rxe8+ Rxe8 32. Bd7 Re5 33. Na6
Bb6 34. c7 Rd5+ 35. Ke4 Rd4+ 36. Ke5 f6+ 37. Kxf6 Bxc7 38. Rxc7 Rd6+ 39. Be6+
1-0

[Event "Faxe EMT 2000"]
[Site "Faxe"]
[Date "2000.05.03"]
[Round "7"]
[White "Karstensen, Preben"]
[Black "Nielsen, Poul Erik2"]
[Result "1/2-1/2"]
[WhiteElo "1707"]
[BlackElo "1338"]
[PlyCount "95"]
[EventDate "2000.??.??"]

1. d4 c6 2. c4 d5 3. e3 Nf6 4. Nc3 e6 5. a3 Be7 6. Nf3 O-O 7. Be2 h6 8. Ne5
Nbd7 9. f4 Nxe5 10. fxe5 Nd7 11. O-O a6 12. c5 b6 13. b4 bxc5 14. bxc5 Rb8 15.
Qc2 Bg5 16. e4 Bxc1 17. Raxc1 Qg5 18. Rf3 Qe7 19. exd5 exd5 20. Bd3 f6 21. Rcf1
Bb7 22. exf6 Rxf6 23. Rxf6 Nxf6 24. Qe2 Qxe2 25. Nxe2 Re8 26. Ng3 Re3 27. Rf3
Rxf3 28. gxf3 Bc8 29. Kf2 Kf7 30. a4 a5 31. h4 g6 32. Ke3 h5 33. Kf4 Nh7 34.
Ke5 Nf8 35. Ne2 Ke7 36. Kf4 Kf6 37. Ke3 g5 38. hxg5+ Kxg5 39. Nf4 h4 40. Bf1
Ng6 41. Nxg6 Kxg6 42. Kf4 h3 43. Kg3 h2 44. Kxh2 Bf5 45. Bb5 Bd7 46. Bd3+ Kg5
47. Kg3 Kh5 48. Bc2 1/2-1/2

[Event "Faxe EMT 2000"]
[Site "Faxe"]
[Date "2000.05.03"]
[Round "7"]
[White "Toftvang, Ove"]
[Black "Pedersen, Bjarne G W"]
[Result "1-0"]
[WhiteElo "1301"]
[BlackElo "1068"]
[PlyCount "107"]
[EventDate "2000.??.??"]

1. e4 c5 2. Nf3 Nc6 3. Bb5 e5 4. Bxc6 bxc6 5. Nxe5 Qc7 6. Nf3 d5 7. e5 Bg4 8.
O-O Be7 9. Re1 f6 10. e6 Bd6 11. h3 Bf5 12. d3 Be5 13. Nxe5 fxe5 14. Qh5+ g6
15. Qh4 Bxe6 16. Bg5 Qg7 17. Qg3 Kd7 18. Rxe5 Re8 19. Nc3 h6 20. Bd2 Ne7 21.
Na4 Nf5 22. Nxc5+ Kc8 23. Qh2 Bf7 24. Rxe8+ Rxe8 25. Bc3 Qf8 26. d4 Qe7 27. Nd3
g5 28. Ne5 Qf6 29. Nf3 h5 30. Re1 Be6 31. Qe5 Qg6 32. Qe2 Kb7 33. Ne5 Qg8 34.
Qxh5 Re7 35. Nd3 Kb6 36. b4 Rg7 37. Qg4 Bd7 38. Ne5 Qc8 39. a4 Kc7 40. Nxd7
Qxd7 41. Re5 Nd6 42. Rxg5 Rxg5 43. Qxg5 Ne4 44. Qe5+ Kb6 45. Qb8+ Ka6 46. Be1
Nd6 47. f3 Qe7 48. Kf1 Nb7 49. b5+ cxb5 50. axb5+ Kxb5 51. Qxa7 Qc7 52. Kg1 Qe7
53. Bf2 Qb4 54. Qxb7+ 1-0

[Event "Faxe EMT 2000"]
[Site "Faxe"]
[Date "2000.05.03"]
[Round "7"]
[White "Borg, John"]
[Black "Eriksen, Knud Ejler"]
[Result "1-0"]
[WhiteElo "1408"]
[BlackElo "1200"]
[PlyCount "83"]
[EventDate "2000.??.??"]

1. d4 Nf6 2. c4 e6 3. Nc3 d5 4. a3 c5 5. e3 Nc6 6. Nf3 Be7 7. Bd2 Qb6 8. Na4
Qc7 9. dxc5 O-O 10. b4 Rd8 11. Nc3 h6 12. cxd5 Nxd5 13. Nxd5 Rxd5 14. Bc4 Rd8
15. O-O Bf6 16. Rb1 Ne5 17. Nxe5 Bxe5 18. f4 Bc3 19. Rf2 Bf6 20. Qc2 Bh4 21. g3
Bf6 22. Bf1 b6 23. Bg2 Rb8 24. c6 Ba6 25. b5 Bb7 26. Bc3 Bxc3 27. Qxc3 Rd6 28.
Rd2 Rxd2 29. Qxd2 Ba8 30. Rd1 a6 31. a4 Rc8 32. Qd7 Qb8 33. Qe7 Re8 34. Qd6 Qc8
35. Qd7 a5 36. Qxc8 Rxc8 37. c7 Bxg2 38. Rd8+ Kh7 39. Rxc8 Bb7 40. Rb8 Be4 41.
c8=Q Bc2 42. Qxc2+ 1-0